Представление документа в формате MARC21

ПолеНазваниеЗначение
  Тип записи a
  Библиографический уровень m
001 Контрольный номер RU/URAIT/585406
005 Дата корректировки 20260429163605.2
008 Кодируемые данные 260429s2026 RU y f j 000 0 rus u
020 Индекс ISBN __
a ISBN 978-5-534-16488-6
c Цена, тираж 1559.00
040 Источник каталогиз. __
a Служба первич. каталог. ИКО Юрайт
c Служба, преобразующая запись ИКО Юрайт
e Правила каталог. RCR
041 Код языка издания __
a Код языка текста rus
044 Код страны публикации __
a Код страны публикации RU
080 Индекс УДК __
a Индекс УДК 159.9(075.32)
084 Индекс другой классификации/Индекс ББК __
2 Источник индекса rubbk
a Индекс другой классификации/Индекс ББК 88.5я723
100 Автор __
a Автор Клейберг Ю. А.
q Полное имя Клейберг Юрий Александрович
245 Заглавие __
a Заглавие Психология девиантного поведения
b Продолж. заглавия учебник и практикум для спо
c Ответственность Ю. А. Клейберг.
250 Сведения об издании __
g пер. и доп
a Основные сведения об издании 5-е изд.
256 Характеристики компьютерного файла __
a Характеристики компьютерного файла Электрон. дан.
260 Выходные данные __
a Место издания Москва
b Издательство Юрайт
c Дата издания 2026
300 Физическое описание __
a Объем 287 с
440 Серия __
a Серия Профессиональное образование
500 Примечания __
a Примечание URL: https://urait.ru/bcode/585406 (дата обращения: 29.04.2026).
520 Аннотация __
a Аннотация В учебнике раскрываются ключевые методологические и феноменологические проблемы психологии девиантного поведения. Подробно раскрыты теории и концепты, составляющие идеологию данной дисциплины. Прослежены история и место девиантологии в структуре научного знания, показаны ее практические результаты. Книга станет надежным фундаментом для студентов, выбравших для себя сложную, но необходимую сферу работы, связанную с помощью и реабилитацией как антиобщественных элементов, так и людей, пострадавших от их действий.
538 Прим. о системных особенностях __
a Прим. о системных особенностях Режим доступа: Электронно-библиотечная система Юрайт, для авториз. пользователей
653 Ключевые слова __
a Ключевые слова Психология. Общие работы
653 Ключевые слова __
a Ключевые слова Педагогика, психология, социальная работа
653 Ключевые слова __
a Ключевые слова Психология девиантного поведения
856 Электронный адрес документа 40
n Местонахождение сервера Юрайт
g Электронная книга
q Тип электронного формата html
h Имя пользователя ЮРАЙТ
v Часы доступа к ресурсу 20271231
2 Способ доступа Показать документ
x Служебное примечание https://urait.ru/book/cover/1D48DD38-EC44-464A-9CEB-ACA66AA3D141
u URL https://urait.ru/bcode/585406
856 Электронный адрес документа 48
q Тип электронного формата cover
u URL https://urait.ru/book/cover/1D48DD38-EC44-464A-9CEB-ACA66AA3D141
911 __
u 0030=https://urait.ru/bcode/585406
911 __
u 073a=9785534164886
u 073d=1559.00
911 __
u 106a=s
911 __
u 900l=
952 Тип литературы __
i Дисциплина Психология девиантного поведения